<?xml version="1.0" encoding="UTF-8"?>
<collection xmlns="http://www.loc.gov/MARC21/slim">
    <record>
        <controlfield tag="001">66869</controlfield>
        <controlfield tag="005">20180223094709.0</controlfield>
        <datafield tag="037" ind1=" " ind2=" ">
            <subfield code="a">GDOC-2016-28608</subfield>
        </datafield>
        <datafield tag="041" ind1=" " ind2=" ">
            <subfield code="a">spa</subfield>
        </datafield>
        <datafield tag="100" ind1=" " ind2=" ">
            <subfield code="0">(orcid)0000-0002-6292-2081</subfield>
            <subfield code="1">475128</subfield>
            <subfield code="a">Villarroya Gaudo, Juan</subfield>
        </datafield>
        <datafield tag="245" ind1="0" ind2="0">
            <subfield code="9">28608</subfield>
            <subfield code="a">Geometría descriptiva</subfield>
        </datafield>
        <datafield tag="260" ind1=" " ind2=" ">
            <subfield code="a">Zaragoza</subfield>
            <subfield code="b">Universidad de Zaragoza</subfield>
            <subfield code="c">2016-2017</subfield>
        </datafield>
        <datafield tag="520" ind1=" " ind2=" ">
            <subfield code="a">Breve presentación de la asignatura
La Geometría Descriptiva tiene el carácter científico que le viene dado por su base geométrica (métrica, proyectiva, etc.). Su cuerpo teórico tiene soporte matemático utilizado como medio para un fin comunicativo. como instrumento, permitirá establecer la pedagogía adecuada a la docencia de toda arquitectura, cuyo fundamento conceptual radica en la necesidad de previsión espacial y de concreción geométrica formal. Como tal se trata de una disciplina de estudio gráfico, medio para incorporar en el dibujo la racionalización del espacio que aporta la geometría y que permite la representación y análisis gráfico con rigor científico.</subfield>
            <subfield code="b"> </subfield>
        </datafield>
        <datafield tag="521" ind1=" " ind2=" ">
            <subfield code="9">142</subfield>
            <subfield code="a">Arquitectura Técnica</subfield>
        </datafield>
        <datafield tag="540" ind1=" " ind2=" ">
            <subfield code="a">by-nc-sa</subfield>
            <subfield code="b">Creative Commons</subfield>
            <subfield code="c">3.0</subfield>
            <subfield code="u">http://creativecommons.org/licenses/by-nc-sa/3.0/</subfield>
        </datafield>
        <datafield tag="830" ind1=" " ind2=" ">
            <subfield code="9">422</subfield>
        </datafield>
        <datafield tag="856" ind1="4" ind2=" ">
            <subfield code="s">26708</subfield>
            <subfield code="u">http://zaguan.unizar.es/record/66869/files/guia-28608-es.pdf</subfield>
            <subfield code="y">Guía (idioma español)</subfield>
        </datafield>
        <datafield tag="856" ind1="4" ind2=" ">
            <subfield code="s">9264</subfield>
            <subfield code="u">http://zaguan.unizar.es/record/66869/files/guia-28608-en.pdf</subfield>
            <subfield code="y">Guide (english)</subfield>
        </datafield>
        <datafield tag="970" ind1=" " ind2=" ">
            <subfield code="a">GDOC-2016-28608</subfield>
        </datafield>
        <datafield tag="980" ind1=" " ind2=" ">
            <subfield code="a">GDOC</subfield>
            <subfield code="b">Ingeniería y arquitectura</subfield>
            <subfield code="c">175</subfield>
        </datafield>
    </record>

    
</collection>